000 00878nab a2200253uu 4500
001 13373
003 HDC
007 cr aa aaaau
008 210212p2001 my ||||| |||| 00| 0 eng d
040 _aHDC
100 _aRosli Awaluddin
_eauthor
_914196
245 0 _aFeeding Trials in Malaysia: Palm Kernel Cake as a Feedstuff for Cattle / by
_cRosli Awaluddin
260 _aKuala Lumpur :
_bMalaysian Palm Oil Board,
_c2001
300 _a1 online resource (4 pages)
336 _atext
_2rdacontent
337 _acomputer
_2rdamedia
338 _aonline resource
_2rdacarrier
650 _aPalm Kernel Cake
_912681
650 _aPalm oil
_9212
856 _zRequest full-text at [email protected]
942 _2lcc
942 _cAR
942 _kJART 003320
999 _c10689
_d10689